01275cam a22003377a 4500003000500000005001700005008004100022010001000063011001000073035001000083040000900093090001000102100003500112245014700147260004000294300001100334500001000345502009000355590003700445590004100482590004100523590004100564590004200605650004500647650004200692901000700734942001000741949004200751999001700793952012700810CHAP20220329141502.0971013s1989 r 00010 d a68892 a69864 a79342 cCHAP aTesis00aAlcocer Medina, Gabriel.9364213aLa planeación nacional y su vínculo con la política, la legislación y la administración pública forestal en el período 1982-1988 aChapingo, Méx. :bEl autor,c1989 a230 p. a32-40 aTesis (Ing. Forestal Esp. en Silvicultura) -- UACH. División de Ciencias Forestales aALEPHb10c20130110lUCH01h1406 aBATCH-UPDb10c20130110lUCH01h0519 aBATCH-UPDb10c20130410lUCH01h0158 aBATCH-UPDb10c20130913lUCH01h2357 aCONVERSIONb10c20130109lUCH01h133814aPolítica económicazMéxico.99053514aPolítica forestalzMéxico.990610 aBK cTESIS bBCcTESd-32229eTS1h21150i79342si c68892d68892 00102local4051708TESISaBCbBCcPA_TESISd2019-12-31fTESISl0oTesisp-32229r2019-12-31 00:00:00w2019-12-31yTESIS